000 01007nam a22003371i 4500
999 _c907
_d907
001 020616787
003 UkOxU
005 20191226100710.0
008 160316r20162003enk j 000|f|eng|d
015 _aGBB661496
_2bnb
016 7 _a017834959
_2Uk
020 _a9781509802951 (pbk.) :
035 _a(Uk)017834959
040 _aStDuBDS
_beng
_erda
_cStDuBDS
_dUk
042 _aukblsr
082 _aFIC LAI
100 1 _aLaird, Elizabeth,
_eauthor.
245 1 4 _aThe garbage king /
_cElizabeth Laird.
264 1 _aLondon :
_bMacmillan Children's Books,
_c2016.
300 _a330 pages ;
_c20 cm
336 _atext
_2rdacontent
337 _aunmediated
_2rdamedia
338 _avolume
_2rdacarrier
500 _aOriginally published: 2003.
500 _aFormerly CIP.
_5Uk
650 0 _aSquatter settlements
_zEthiopia
_vJuvenile fiction.
650 0 _aAbandoned children
_zEthiopia
_vJuvenile fiction.
655 0 _aChildren's stories.
700 _aKebede, Yosef
_eIllustrator
942 _2ddc
_cFIC